000 00630cam a22001577a 4500
999 _c508586
_d508586
008 180718b xxu||||| |||| 00| 0 eng d
082 _aT19 Ec74/MAHA/1991-92
100 _aMaharashtra. Directorate of Economics and Statistics. Planning Department
_94003
245 _aEconomic survey, Maharashtra, 1991-92
_cby Directorate of Economics and Statistics. Planning Department. Maharashtra
246 _aMaharashtra: an economic review
260 _aMumbai
_bGovernment of Maharashtra
_c1992
300 _a145p.
500 _aLibrary has 1961-1962, 1967-2007/08
650 _aEconomic surveys - India - Maharashtra
_94004
942 _2ddc